Statistiken für Physik: SI-Basiseinheiten

Klicken Sie hier um das Quiz zu spielen!

Allgemein

  • Dieses Quiz wurde 544 mal gespielt
  • Das Durchschnittsergebnis liegt bei 4 aus 7

Antwortstatistiken

Einheit% Korrekt
Meter
90%
Sekunde
72%
Kilogramm
70%
Ampere
56%
Candela
25%
Kelvin
25%
Mol
23%

Verteilung der Resultate

Perzentil nach korrekt beantworteten Fragen

Anzahl Personen mit jedem Resultat

Ihre Resultats-Entwicklung

Sie haben dieses Quiz noch nicht gespielt